|
|
|
|
| LEADER |
01071nam a22002777a 4500 |
| 001 |
35966 |
| 003 |
BD-DhAAL |
| 005 |
20211205132214.0 |
| 008 |
191218r20062003si a|||| |||| 00| 0 eng d |
| 999 |
|
|
|c 42063
|d 42063
|
| 020 |
|
|
|a 9814116408
|
| 040 |
|
|
|a BD-DhAAL
|
| 082 |
|
|
|a 510
|2 23
|
| 100 |
|
|
|a Primalani, Varsha
|9 35779
|
| 245 |
|
|
|a In step maths.
|n 1B,
|b textbook /
|c Varsha Primalani. ; Chan Mei Leng ; Karen Quek; general editor, Sin Kwai Meng
|
| 260 |
|
|
|a Singapore :
|b SNP Panpac,
|c 2003 [reprinted 2006]
|
| 300 |
|
|
|a 110 pages :
|b illustrations ;
|c 26 cm
|
| 526 |
|
|
|a BIED
|
| 541 |
|
|
|a Complimentary copy from BIED
|e 35966
|
| 650 |
|
|
|a Mathematics.
|9 35780
|
| 700 |
|
|
|a Leng, Chan Mei
|9 35781
|
| 700 |
|
|
|a Quek, Karen
|9 35782
|
| 700 |
|
|
|a Meng, Sin Kwai
|9 35783
|
| 852 |
|
|
|a Ayesha Abed Library
|b BIED Collection
|
| 942 |
|
|
|2 ddc
|c BK
|
| 952 |
|
|
|0 0
|1 0
|2 ddc
|4 0
|6 510_000000000000000_PRI
|7 0
|9 67498
|a BRACUL
|b BRACUL
|c GEN
|d 2019-12-18
|e Complimentary copy from BIED
|l 1
|m 4
|o 510 PRI
|p 3010035966
|r 2022-09-25
|s 2022-08-23
|t 1
|w 2019-12-18
|y BK
|x Transferred from BIED to General Stacks
|